Center for biodiversity conservation

Đã lưu trong:
Bibliografiske detaljer
Format: Bog
Sprog:Undetermined
Udgivet: New York 2002
Fag:
Tags: Tilføj Tag
Ingen Tags, Vær først til at tagge denne postø!
Thư viện lưu trữ: Trung tâm Học liệu Trường Đại học Cần Thơ
LEADER 00393nam a2200145Ia 4500
001 CTU_63796
008 210402s9999 xx 000 0 und d
082 |a 333.72 
082 |b C397 
245 0 |a Center for biodiversity conservation 
260 |a New York 
260 |c 2002 
650 |a Natural resource and energy 
910 |i Năm 
980 |a Trung tâm Học liệu Trường Đại học Cần Thơ